PAOK Thessaloniki Squad 2025-2026 - Statistics

General Stats
  • This quiz has been taken 68 times
    11 since last reset
  • The average score is 25 of 34
Answer Stats
# Position Nation Player % Correct
14 FW Serbia Andrija Živković
100%
65 MF Greece Giannis Konstantelias
100%
77 FW Bulgaria Kiril Despodov
100%
21 DF Ghana Abdul Rahman Baba
90%
19 FW Sweden Alexander Jeremejeff
90%
1 GK Czech Republic Jiří Pavlenka
90%
3 DF England Jonjoe Kenny
90%
27 MF Russia Magomed Ozdoev
90%
- Coach Romania Răzvan Lucescu
90%
11 FW Brazil Taison
90%
22 MF Italy Alessandro Bianco
80%
99 GK Greece Antonis Tsiftsis
80%
6 DF Croatia Dejan Lovren
80%
7 FW Greece Georgios Giakoumakis
80%
8 MF France Soualiho Meïté
80%
16 DF Poland Tomasz Kędziora
80%
4 DF Italy Alessandro Vogliacco
70%
56 FW Greece Anestis Mythou
70%
20 MF Greece Christos Zafeiris
70%
10 MF Greece Dimitrios Pelkas
70%
9 FW Russia Fedor Chalov
70%
5 DF Greece Giannis Michailidis
70%
32 DF Scotland Greg Taylor
70%
23 DF Spain Joan Sastre
70%
35 DF Mexico Jorge Sánchez
70%
2 MF Guinea Mady Camara
70%
52 FW Greece Dimitrios Chatsidis
60%
41 GK Greece Dimitrios Monastirlis
60%
25 MF Greece Konstantinos Thymianis
60%
88 GK Georgia Luka Gugeshashvili
60%
18 MF Croatia Luka Ivanušec
50%
90 DF Greece Dimitrios Kottas
40%
97 DF Greece Dimitrios Bataoulas
30%
33 MF Greece Dimitrios Tsopouroglou
20%
No matching quizzes found
Score Distribution
Percent of People with Each Score
Percentile by Number Answered
Your Score History
You have not taken this quiz since the last reset